|
|
|
|
| LEADER |
00975nam a2200217 a 4500 |
| 001 |
1617067 |
| 008 |
1000613s1996 enka b 001 0 eng d |
| 020 |
|
|
|a 063119441X (hardcover : acid-free paper)
|
| 020 |
|
|
|a 0631194428 (pbk. : acid-free paper)
|
| 040 |
|
|
|a DLC
|c DLC
|d DLC
|d BD-DhAAL
|
| 082 |
0 |
0 |
|a 801/.95/082
|2 20
|
| 100 |
1 |
|
|a Eagleton, Mary.
|
| 245 |
1 |
0 |
|a Working with feminist criticism /
|c Mary Eagleton.
|
| 260 |
|
|
|a Oxford, OX, UK ;
|a Cambridge, Mass., USA :
|b Blackwell Publishers,
|c 1996.
|
| 300 |
|
|
|a vii, 240 p. :
|b ill. ;
|c 25 cm.
|
| 504 |
|
|
|a Includes bibliographical references (p. 221-233) and index.
|
| 541 |
1 |
|
|e 00020369
|
| 650 |
|
0 |
|a Feminist literary criticism.
|
| 852 |
4 |
|
|a Ayesha Abed Library
|j General Shelf
|
| 999 |
|
|
|c 8918
|d 8918
|
| 952 |
|
|
|0 0
|1 0
|2 ddc
|4 0
|6 801_950820000000000_EAG_1996
|7 0
|9 10913
|a BRACUL
|b BRACUL
|c GEN
|d 2010-06-13
|l 4
|m 23
|o 801.95082 EAG
|p 3010020369
|r 2025-04-10
|s 2025-03-08
|t 1
|w 2010-06-13
|y BK
|x Transferred from ENH to Ayesha Abed library on 20/12/2023
|